00746cam a22002414a 4500001000800000005001700008008004100025010001700066020002800083040001300111041000800124042000800132080001800140082002200158100000700180101000800187245005400195504006400249906004500313942001200358999001700370952011700387499571620180122080557.0990503s2000 maua b 001 0 eng  a 99031132  a087584877X (alk. paper) aDLCcDLC aeng apcc a658.4012 EVA00a658.4012 EVA2211 a52 aECO10aBlown to bits :cPhilip Evans, Thomas S. Wurster. aIncludes bibliographical references (p. 231-248) and index. a7bcbccorignewd1eocipf19gy-gencatlg 2ddccBK c40674d40674 00102udc40708PËKGa002b002cPËKGd2018-01-22l0o658.4012 EVAp002-2996033r2018-01-22w2018-01-22yBK